| 000 -LEADER | |
|---|---|
| fixed length control field | 00594nam a22002057a 4500 |
| 005 - DATE AND TIME OF LATEST TRANSACTION | |
| control field | 20250420134812.0 |
| 008 - FIXED-LENGTH DATA ELEMENTS--GENERAL INFORMATION | |
| fixed length control field | 200722b ||||| |||| 00| 0 eng d |
| 020 ## - INTERNATIONAL STANDARD BOOK NUMBER | |
| International Standard Book Number | 9780262510875 |
| 040 ## - CATALOGING SOURCE | |
| Transcribing agency | KCST |
| 082 ## - DEWEY DECIMAL CLASSIFICATION NUMBER | |
| Classification number | 005.133 |
| Item number | Ab St |
| 100 ## - MAIN ENTRY--PERSONAL NAME | |
| Personal name | Abelson, Harold |
| 9 (RLIN) | 4674 |
| 245 ## - TITLE STATEMENT | |
| Title | Structure and interpretation of computer programs / |
| Statement of responsibility, etc. | Harold Abelson; Gerald Jay Sussman; Julie Sussman |
| 250 ## - EDITION STATEMENT | |
| Edition statement | 2nd ed. |
| 260 ## - PUBLICATION, DISTRIBUTION, ETC. | |
| Place of publication, distribution, etc. | MA: |
| Name of publisher, distributor, etc. | MIT; |
| Date of publication, distribution, etc. | 1996. |
| 650 ## - SUBJECT ADDED ENTRY--TOPICAL TERM | |
| Topical term or geographic name entry element | Computer programming. |
| 9 (RLIN) | 4675 |
| 700 ## - ADDED ENTRY--PERSONAL NAME | |
| Personal name | Sussman, Gerald Jay |
| 9 (RLIN) | 4676 |
| 700 ## - ADDED ENTRY--PERSONAL NAME | |
| Personal name | Sussman, Julie |
| 9 (RLIN) | 4677 |
| 942 ## - ADDED ENTRY ELEMENTS (KOHA) | |
| Koha item type | Book |
| 942 ## - ADDED ENTRY ELEMENTS (KOHA) | |
| Source of classification or shelving scheme | Dewey Decimal Classification |
| Withdrawn status | Lost status | Source of classification or shelving scheme | Damaged status | Not for loan | Home library | Current library | Date acquired | Cost, normal purchase price | Total checkouts | Full call number | Barcode | Date last seen | Price effective from | Koha item type |
|---|---|---|---|---|---|---|---|---|---|---|---|---|---|---|
| Dewey Decimal Classification | KCST Library | KCST Library | 22/07/2020 | 14.49 | 005.133 Ab St | 1000000382 | 22/07/2020 | 22/07/2020 | Book |